| 000 | 01892nam a2200493 i 4500 | ||
|---|---|---|---|
| 001 | 25818 | ||
| 003 | KOSZ 005 | ||
| 005 | 20240405063038.0 | ||
| 008 | 200723s1973 pl a f 000 0 pol d | ||
| 040 |
_aKOSZ 005 _cKOSZ 005/RW |
||
| 041 | 1 |
_apol _hrus |
|
| 045 |
_bd1960 _bd1970 |
||
| 046 | _k1973 | ||
| 080 | _a711.4/.8 | ||
| 080 | _a338.26(438) | ||
| 245 | 0 | 0 |
_aProblemy aglomeracji miejskich / _c[przedmowa Stanisław Heřman, Michał Kaczorowski ; tłumaczenie Hanna Deręgowska]. |
| 260 |
_aWarszawa : _bPaństwowe Wydawnictwo Naukowe, _c1973. |
||
| 300 |
_a164, [1] strony : _btablice, wykresy ; _c21 cm. |
||
| 336 |
_aTekst _btxt _2rdacontent |
||
| 337 |
_aBez urządzenia pośredniczącego _bn _2rdamedia |
||
| 338 |
_aWolumin _bnc _2rdacarrier |
||
| 380 | _aKsiążki | ||
| 380 | _aPublikacje naukowe | ||
| 388 | 1 | _a1901-2000 | |
| 388 | 1 | _a1945-1989 | |
| 490 | 1 |
_aBiuletyn / Komitet Przestrzennego Zagospodarowania Kraju Polskiej Akademii Nauk, _x0079-3493 ; _vz. 77 |
|
| 546 | _aTekst w języku polskim, częściowo przekład z języka rosyjskiego. | ||
| 648 | 7 | _a1901-2000 | |
| 648 | 7 | _a1945-1989 | |
| 650 | 7 | _aAglomeracje | |
| 650 | 7 | _aLudność | |
| 650 | 7 | _aUrbanizacja | |
| 651 | 7 | _aPolska | |
| 655 | 7 | _aPraca zbiorowa | |
| 658 | _aArchitektura i budownictwo | ||
| 658 | _aSocjologia i społeczeństwo | ||
| 700 | 1 |
_aHeřman, Stanisław _d(1921?-2013) _ePrzedmowa |
|
| 700 | 1 |
_aKaczorowski, Michał _d(1897-1975) _ePrzedmowa |
|
| 700 | 1 |
_aDeręgowska, Hanna _eTłumaczenie |
|
| 710 | 2 |
_aPaństwowe Wydawnictwo Naukowe _4pbl |
|
| 830 | 0 |
_aBiuletyn - Polska Akademia Nauk. Komitet Przestrzennego Zagospodarowania Kraju _vz. 77 |
|
| 856 |
_uhttp://koha.tu.koszalin.pl/cgi-bin/koha/opac-detail.pl?biblionumber=25818 _yKatalog online BPK |
||
| 942 |
_2UKD _cKS |
||
| 999 |
_c25818 _d25818 |
||